skbl

Dr Suryya Kumar Bhuyan Library Web-OPAC
ডঃ সূৰ্য্য
কুমাৰ ভূঞা পুথিভঁৰাল ৱেব-অ'পেক

All Research Scholars are advised to clear the annual library fees to continue using Library Resources, Remote Access, Plagiarism Test and Library Clearance.

Cotton University Book Fair 2026

Ahom Buranji : From the Earliest Time to The End Of Ahom Rule / (Record no. 2944)

MARC details
000 -LEADER
fixed length control field 00537nam a2200169Ia 4500
001 - CONTROL NUMBER
control field 2956
008 - FIXED-LENGTH DATA ELEMENTS--GENERAL INFORMATION
fixed length control field 220817s1930 ii a g b000 u 465 u
082 ## - DEWEY DECIMAL CLASSIFICATION NUMBER
Classification number 954.164
100 ## - MAIN ENTRY--PERSONAL NAME
Personal name Barua, Golap Chandra.
245 #0 - TITLE STATEMENT
Title Ahom Buranji : From the Earliest Time to The End Of Ahom Rule /
Statement of responsibility, etc. Golap Ch. Barua.
Medium Textual Documents
250 ## - EDITION STATEMENT
Edition statement 1st ed. /
Remainder of edition statement Rare.
260 ## - PUBLICATION, DISTRIBUTION, ETC.
Place of publication, distribution, etc. Calcutta :
Name of publisher, distributor, etc. Assam Admn.;The Baptist Mission Press ,
Date of publication, distribution, etc. 1930.
300 ## - PHYSICAL DESCRIPTION
Extent 388 :
Other physical details ill. ;
Dimensions 25 cm. .
500 ## - GENERAL NOTE
General note With Ahom script
653 ## - INDEX TERM--UNCONTROLLED
Uncontrolled term Assam History
942 ## - ADDED ENTRY ELEMENTS (KOHA)
Source of classification or shelving scheme Dewey Decimal Classification
Koha item type Books
Holdings
Withdrawn status Lost status Damaged status Not for loan Home library Current library Date acquired Coded location qualifier Total checkouts Full call number Barcode Date last seen Copy number Price effective from Koha item type
      Not for loan Dr. Suryya Kumar Bhuyan Library Dr. Suryya Kumar Bhuyan Library 01/02/2012 00000   954.164 Ba 23 Ah 338.25 13/01/2024 1 01/02/2012 Books

Designed and Maintained by Team SKBL
©1901-2026

Powered by Koha